[Event "26. ChessOrg Schachfestival Sen."]
[Site "Bad Woerishofen"]
[Date "2010.03.13"]
[Round "8.15"]
[White "Spurga, Josef"]
[Black "Goy, Udo"]
[Result "0-1"]
[WhiteElo "2011"]
[BlackElo "2238"]
[PlyCount "72"]
[EventDate "2010.??.??"]
[SourceDate "2010.03.06"]

1. e4 c6 2. d4 g6 3. Nc3 Bg7 4. Nf3 d6 5. Be2 Nf6 6. O-O O-O 7. h3 Qc7 8. Be3
b5 9. a3 Nbd7 10. Qd2 Bb7 11. Nh4 a6 12. f4 c5 13. Bf3 Nb6 14. b3 Rac8 15. e5
dxe5 16. dxe5 Rfd8 17. Qf2 Nfd5 18. Nxd5 Nxd5 19. Bd2 c4 20. Bxd5 Rxd5 21. Be3
e6 22. b4 c3 23. Nf3 Qc4 24. Rfd1 h6 25. Rd4 Rxd4 26. Nxd4 Rd8 27. Nf3 Bf8 28.
Ne1 Be4 29. Nf3 Be7 30. Ne1 Qc6 31. Rb1 Kg7 32. Rb3 Rd1 33. Bd4 Bxg2 34. Rxc3
Qe4 35. Be3 Bxh3 36. Bd2 Bh4 0-1

[Event "26. ChessOrg Schachfestival Sen."]
[Site "Bad Woerishofen"]
[Date "2010.03.13"]
[Round "8.7"]
[White "Straub, Peter"]
[Black "Mann, Klaus-Dieter"]
[Result "1/2-1/2"]
[WhiteElo "2101"]
[BlackElo "2088"]
[PlyCount "67"]
[EventDate "2010.??.??"]
[SourceDate "2010.03.06"]

1. g3 g6 2. Bg2 Bg7 3. Nf3 Nf6 4. O-O O-O 5. c4 d6 6. Nc3 c6 7. Rb1 e5 8. d3
Re8 9. Qc2 Nbd7 10. b4 Qc7 11. Ne1 Nf8 12. a4 Ne6 13. e3 Bd7 14. Ba3 Rab8 15.
b5 Bf8 16. Qb2 c5 17. Nf3 b6 18. Nd2 Bc8 19. Nd5 Nxd5 20. cxd5 Ng7 21. Rbc1 Qd8
22. d4 exd4 23. exd4 Nf5 24. dxc5 bxc5 25. Nc4 Bg7 26. Qd2 Bh6 27. f4 Bg7 28.
Bb2 Nd4 29. Rce1 Rxe1 30. Rxe1 Bg4 31. Bxd4 Bxd4+ 32. Kh1 Qd7 33. Na5 Bf6 34.
Nc4 1/2-1/2

[Event "26. ChessOrg Schachfestival Sen."]
[Site "Bad Woerishofen"]
[Date "2010.03.13"]
[Round "8.9"]
[White "Szenetra, Werner"]
[Black "Erhart, Uwe"]
[Result "1-0"]
[WhiteElo "2201"]
[BlackElo "2056"]
[PlyCount "49"]
[EventDate "2010.??.??"]
[SourceDate "2010.03.06"]

1. e4 d5 2. exd5 Qxd5 3. Nc3 Qa5 4. d4 Nf6 5. Bd2 c6 6. Nf3 Bf5 7. Bc4 Qc7 8.
Qe2 e6 9. d5 cxd5 10. Nxd5 Nxd5 11. Bxd5 Be7 12. Qb5+ Nd7 13. Qxb7 Rc8 14. Qxc7
Rxc7 15. Bb3 Nc5 16. Nd4 Nxb3 17. axb3 Bg6 18. c4 O-O 19. O-O Bf6 20. Nb5 Rb7
21. Bc3 Bxc3 22. bxc3 Bc2 23. Ra3 a6 24. Nd4 Bg6 25. f4 1-0

[Event "26. ChessOrg Schachfestival Sen."]
[Site "Bad Woerishofen"]
[Date "2010.03.14"]
[Round "9.14"]
[White "Aigner, Georg"]
[Black "Hoennekes, Klaus"]
[Result "0-1"]
[WhiteElo "1939"]
[BlackElo "2091"]
[PlyCount "106"]
[EventDate "2010.??.??"]
[SourceDate "2010.03.06"]

1. e4 d6 2. d4 Nf6 3. Bd3 c6 4. h3 e5 5. Nf3 Qc7 6. O-O Be7 7. Re1 O-O 8. Nbd2
Ne8 9. Nc4 f6 10. c3 Be6 11. Nh4 g6 12. Bh6 Rf7 13. Ne3 Bf8 14. Bxf8 Rxf8 15.
Qf3 Qg7 16. Qg3 Kh8 17. f4 exf4 18. Qxf4 g5 19. Qg3 gxh4 20. Qxh4 Qg5 21. Qxg5
fxg5 22. g4 Nd7 23. Nf5 Bxf5 24. gxf5 Ng7 25. Rf1 Rae8 26. Rae1 Nh5 27. Bc2 Kg7
28. Kg2 Kf6 29. Kf3 Ng7 30. Kg4 h5+ 31. Kg3 Re7 32. Rf2 a5 33. a3 Rfe8 34. Ref1
b6 35. Bd3 h4+ 36. Kg4 Rh8 37. Bc2 Nh5 38. Re1 Nf4 39. Ref1 Rhe8 40. Re1 d5 41.
Rxf4 gxf4 42. e5+ Nxe5+ 43. dxe5+ Rxe5 44. Rc1 Re2 45. Kxf4 Rg8 46. Bd3 Rf2+
47. Ke3 Rxb2 48. Kd4 Rd2 49. Ke3 Rh2 50. Bf1 Ke5 51. Be2 Rg3+ 52. Bf3 Rhxh3 53.
Rf1 Rxf3+ 0-1

[Event "26. ChessOrg Schachfestival Sen."]
[Site "Bad Woerishofen"]
[Date "2010.03.14"]
[Round "9.51"]
[White "Aufmwasser, Guenther"]
[Black "Kuhnert, Werner"]
[Result "1-0"]
[WhiteElo "1802"]
[BlackElo "1549"]
[PlyCount "67"]
[EventDate "2010.??.??"]
[SourceDate "2010.03.06"]

1. f4 e6 2. Nf3 Be7 3. e3 d6 4. b3 Nf6 5. Bb2 Nc6 6. Bb5 Bd7 7. O-O O-O 8. d3
d5 9. Bxc6 Bxc6 10. Ne5 Bd7 11. Nd2 Ne8 12. Qe1 f6 13. Nxd7 Qxd7 14. Nf3 Nd6
15. e4 dxe4 16. dxe4 Nf7 17. Rd1 Qc6 18. c4 Rad8 19. Qe2 Rxd1 20. Rxd1 Rd8 21.
Rxd8+ Bxd8 22. g3 Be7 23. Kg2 f5 24. exf5 exf5 25. Qxe7 h6 26. Kf2 Qe4 27. Qxe4
fxe4 28. Ne5 Nd6 29. Ke3 c5 30. Ng4 Kf7 31. Nf2 g5 32. fxg5 hxg5 33. Nxe4 Nf5+
34. Kd3 1-0

[Event "26. ChessOrg Schachfestival Sen."]
[Site "Bad Woerishofen"]
[Date "2010.03.14"]
[Round "9.1"]
[White "Bartlitz, Heinz"]
[Black "Biberger, Hans"]
[Result "1/2-1/2"]
[WhiteElo "1800"]
[BlackElo "1997"]
[PlyCount "94"]
[EventDate "2010.??.??"]
[SourceDate "2010.03.06"]

1. e4 d5 2. exd5 Qxd5 3. Nc3 Qa5 4. g3 c6 5. Bg2 Nf6 6. Nf3 Bg4 7. O-O Bxf3 8.
Qxf3 e6 9. d3 Nbd7 10. Qe2 Be7 11. Bd2 h6 12. Rfe1 Qc7 13. Bf4 Bd6 14. Bxd6
Qxd6 15. Ne4 Nxe4 16. Qxe4 Nf6 17. Qe5 Qxe5 18. Rxe5 O-O-O 19. h3 Kc7 20. b4 b6
21. Kf1 Rd4 22. a3 Nd7 23. Re3 Rd6 24. a4 a5 25. bxa5 bxa5 26. Rb1 Rb8 27. Rxb8
Kxb8 28. Re4 Kc7 29. f4 f6 30. g4 g5 31. fxg5 hxg5 32. Ke2 e5 33. Rc4 Kb6 34.
Be4 Nc5 35. Ke3 Ne6 36. c3 Nf4 37. d4 exd4+ 38. cxd4 Nxh3 39. Rc1 Nf4 40. Rb1+
Kc7 41. Rc1 Nd5+ 42. Bxd5 Rxd5 43. Rf1 Rd6 44. Rf5 Re6+ 45. Kd3 Kb6 46. Rf1 Rd6
47. Rf5 Re6 1/2-1/2

[Event "26. ChessOrg Schachfestival Sen."]
[Site "Bad Woerishofen"]
[Date "2010.03.14"]
[Round "9.43"]
[White "Dallmeier, Gerhard"]
[Black "Kessler, Klaus"]
[Result "1-0"]
[WhiteElo "1861"]
[BlackElo "1641"]
[PlyCount "61"]
[EventDate "2010.??.??"]
[SourceDate "2010.03.06"]

1. e4 c6 2. d4 g6 3. Nc3 d5 4. f3 Bg7 5. Be3 Nf6 6. Qd2 h6 7. e5 Ng8 8. O-O-O
e6 9. g4 h5 10. Bg2 Bh6 11. Nge2 Bxe3 12. Qxe3 hxg4 13. fxg4 b5 14. Nf4 Rh4 15.
h3 Nd7 16. Kb1 Nb6 17. b3 Qe7 18. Qd3 a5 19. Rhf1 b4 20. Nxg6 fxg6 21. Qxg6+
Kd7 22. Rf7 Qxf7 23. Qxf7+ Ne7 24. Ne2 Ba6 25. Nf4 Rg8 26. Qxe6+ Kd8 27. Qd6+
Nd7 28. Ne6+ Ke8 29. Nc7+ Kd8 30. Nxa6 Rg6 31. e6 1-0

[Event "26. ChessOrg Schachfestival Sen."]
[Site "Bad Woerishofen"]
[Date "2010.03.14"]
[Round "9.29"]
[White "Diete, Guenter"]
[Black "Hommann, Horst"]
[Result "1-0"]
[WhiteElo "1957"]
[BlackElo "1892"]
[PlyCount "39"]
[EventDate "2010.??.??"]
[SourceDate "2010.03.06"]

1. e4 c5 2. Nf3 d6 3. Bc4 e6 4. O-O Nf6 5. Re1 Nc6 6. d3 Qc7 7. a4 Be7 8. Nc3
Bd7 9. Ne2 e5 10. h3 h6 11. Bd2 a5 12. c3 Qc8 13. Ng3 g6 14. d4 cxd4 15. Qb3
Be6 16. Bxe6 fxe6 17. cxd4 Nxd4 18. Nxd4 exd4 19. e5 Nd5 20. exd6 1-0

[Event "26. ChessOrg Schachfestival Sen."]
[Site "Bad Woerishofen"]
[Date "2010.03.14"]
[Round "9.44"]
[White "Kolb, Werner"]
[Black "Knobling, Rolf"]
[Result "1-0"]
[WhiteElo "1844"]
[BlackElo "1627"]
[PlyCount "39"]
[EventDate "2010.??.??"]
[SourceDate "2010.03.06"]

1. d4 d5 2. c4 e6 3. Nc3 Nf6 4. e3 Nbd7 5. Nf3 c5 6. cxd5 Nxd5 7. Be2 Be7 8.
O-O a6 9. Bd2 O-O 10. Rc1 f5 11. Qb3 N7f6 12. dxc5 Bd7 13. Rfd1 Bc6 14. Nd4 Qd7
15. Bf3 Rac8 16. Nxc6 Qxc6 17. e4 fxe4 18. Nxe4 Nxe4 19. Bxe4 Bxc5 20. Be3 1-0

[Event "26. ChessOrg Schachfestival Sen."]
[Site "Bad Woerishofen"]
[Date "2010.03.14"]
[Round "9.25"]
[White "Neese, Hans-Joachim"]
[Black "Jagdhuber, Hans"]
[Result "1-0"]
[WhiteElo "2246"]
[BlackElo "2012"]
[PlyCount "81"]
[EventDate "2010.??.??"]
[SourceDate "2010.03.06"]

1. d4 Nf6 2. Nf3 e6 3. Bf4 d5 4. Nbd2 Bd6 5. Ne5 Nc6 6. e3 Nd7 7. Nxc6 bxc6 8.
Qg4 Qf6 9. Bg3 Qg6 10. Qd1 e5 11. Bd3 e4 12. Be2 O-O 13. O-O Bxg3 14. fxg3 c5
15. c3 Rb8 16. Rb1 Ba6 17. b4 Bxe2 18. Qxe2 c4 19. Rf4 Rb6 20. a4 a5 21. Qd1
axb4 22. cxb4 Rfb8 23. b5 c6 24. bxc6 Qxc6 25. Qc2 c3 26. Rxb6 Rxb6 27. Nb1 Rb2
28. Qc1 c2 29. Nd2 Qc3 30. Rf2 Ra2 31. Nf1 Nb6 32. a5 Nc4 33. a6 Na3 34. a7 Qa5
35. Rf5 f6 36. Qd2 Qxa7 37. Rxd5 Ra1 38. Rd8+ Kf7 39. Qe2 c1=Q 40. Qh5+ Ke6 41.
d5+ 1-0

[Event "26. ChessOrg Schachfestival Sen."]
[Site "Bad Woerishofen"]
[Date "2010.03.14"]
[Round "9.33"]
[White "Schumacher, Horst"]
[Black "Richter, Gerhard Dr"]
[Result "0-1"]
[WhiteElo "1864"]
[BlackElo "1940"]
[PlyCount "48"]
[EventDate "2010.??.??"]
[SourceDate "2010.03.06"]

1. e4 d6 2. d4 f5 3. Nc3 Nf6 4. Bg5 fxe4 5. f3 d5 6. Bxf6 exf6 7. fxe4 dxe4 8.
Nxe4 f5 9. Nf2 g6 10. Nf3 Nd7 11. Qd2 Qe7+ 12. Be2 Bg7 13. O-O O-O 14. Bc4+ Kh8
15. Rfe1 Qf6 16. Re6 Qd8 17. Rae1 Nb6 18. Re7 Nxc4 19. Qf4 Qd6 20. Qh4 Qf6 21.
Ng5 h5 22. c3 Nd6 23. g4 fxg4 24. Nxg4 Bxg4 0-1